<?xml version="1.0" encoding="UTF-8"?>
<record
    xmlns:xsi="http://www.w3.org/2001/XMLSchema-instance"
    xsi:schemaLocation="http://www.loc.gov/MARC21/slim http://www.loc.gov/standards/marcxml/schema/MARC21slim.xsd"
    xmlns="http://www.loc.gov/MARC21/slim">

  <leader>00483nam a22001337a 4500</leader>
  <controlfield tag="003">SGT</controlfield>
  <datafield tag="020" ind1=" " ind2=" ">
    <subfield code="a">9789380172774</subfield>
  </datafield>
  <datafield tag="082" ind1=" " ind2=" ">
    <subfield code="a">891.4309</subfield>
    <subfield code="b">M15P</subfield>
  </datafield>
  <datafield tag="100" ind1=" " ind2=" ">
    <subfield code="a">&#x92A;&#x94D;&#x930;&#x938;&#x93E;&#x926;, &#x915;&#x943;&#x937;&#x94D;&#x923; &#x928;&#x93E;&#x930;&#x93E;&#x92F;&#x923; </subfield>
  </datafield>
  <datafield tag="245" ind1=" " ind2=" ">
    <subfield code="a">&#x92E;&#x939;&#x93E;&#x915;&#x935;&#x93F; &#x936;&#x902;&#x915;&#x930;&#x926;&#x947;&#x935; : &#x935;&#x93F;&#x91A;&#x93E;&#x930;&#x915; &#x90F;&#x935;&#x902; &#x938;&#x92E;&#x93E;&#x91C; &#x938;&#x941;&#x927;&#x93E;&#x930;&#x915;</subfield>
  </datafield>
  <datafield tag="260" ind1=" " ind2=" ">
    <subfield code="b"> &#x939;&#x93F;&#x902;&#x926;&#x940; &#x92E;&#x93E;&#x927;&#x94D;&#x92F;&#x92E; &#x915;&#x93E;&#x930;&#x94D;&#x92F;&#x93E;&#x928;&#x94D;&#x935;&#x92F; &#x928;&#x93F;&#x926;&#x947;&#x936;&#x93E;&#x932;&#x92F; </subfield>
    <subfield code="c">2015</subfield>
  </datafield>
  <datafield tag="300" ind1=" " ind2=" ">
    <subfield code="a">524</subfield>
  </datafield>
  <datafield tag="942" ind1=" " ind2=" ">
    <subfield code="2">ddc</subfield>
    <subfield code="c">BK</subfield>
  </datafield>
  <datafield tag="952" ind1=" " ind2=" ">
    <subfield code="0">0</subfield>
    <subfield code="1">0</subfield>
    <subfield code="2">ddc</subfield>
    <subfield code="4">0</subfield>
    <subfield code="7">1</subfield>
    <subfield code="a">CL</subfield>
    <subfield code="b">CL</subfield>
    <subfield code="c">REF</subfield>
    <subfield code="d">2025-05-07</subfield>
    <subfield code="i">SGTU</subfield>
    <subfield code="l">0</subfield>
    <subfield code="o">891.4309 M15P</subfield>
    <subfield code="p">CH3156</subfield>
    <subfield code="r">2025-05-07 00:00:00</subfield>
    <subfield code="w">2025-05-07</subfield>
    <subfield code="y">BK</subfield>
  </datafield>
  <datafield tag="999" ind1=" " ind2=" ">
    <subfield code="c">31098</subfield>
    <subfield code="d">31098</subfield>
  </datafield>
</record>
